书目信息 |
| 题名: |
数字电路解题技巧50法及题解300例
|
|
| 作者: | 龙忠琪 编著 | |
| 分册: | ||
| 出版信息: | 北京 科学出版社 2002.10 |
|
| 页数: | ||
| 开本: | 32开 | |
| 丛书名: | ||
| 单 册: | ||
| 中图分类: | TN79-44 | |
| 科图分类: | ||
| 主题词: | 数字电路 | |
| 电子资源: | ||
| ISBN: | 7-03-009779-3 | |
| 000 | 00577nam0 2200181 450 | |
| 001 | 0736196517 | |
| 005 | 20070924100316.51 | |
| 010 | @a7-03-009779-3@d¥20.00 | |
| 100 | @a20070924d km y0chiy0120 ea | |
| 101 | 0 | @achi |
| 200 | 1 | @a数字电路解题技巧50法及题解300例@Ashu zi dian lu jie ti ji qiao 50 fa ji ti jie 300 li@f龙忠琪 等编著@Flong zhong qi deng bian zhu |
| 210 | @a北京@c科学出版社@d2002.10 | |
| 215 | @c照片@d32开 | |
| 606 | 0 | @a数字电路 |
| 690 | @aTN79-44@v3 | |
| 701 | 0 | @a龙忠琪@Along zhong qi@4编著 |
| 801 | 0 | @aCN@bPFT@c20070924 |
| 905 | @a213230@dTN79-44@eZY02@f1 | |
| 数字电路解题技巧50法及题解300例/龙忠琪 等编著.-北京:科学出版社,2002.10 |
| 照片;32开 |
| ISBN 7-03-009779-3:¥20.00 |
| ● |
| 相关链接 |
|
|
|
|
正题名:数字电路解题技巧50法及题解300例
索取号:TN79-44/ZY02
 
预约/预借
| 序号 | 登录号 | 条形码 | 馆藏地/架位号 | 状态 | 备注 |
| 1 | 7901456 | 279014567 | 密集书库-资源管理系/ [索取号:TN79-44/ZY02] | 在馆 |